000
00233nam a22000857a 4500
008
161110b xxu||||| |||| 00| 0 eng d
100
_9
1113
_a
Bedi. R
245
_a
Elephant Lord of the Jungle
260
_a
New Delhi
_b
National Book Trust
_c
2007
999
_c
3774
_d
3774